請聽我說 : 談心理輔導 = When someone asks for help {ch} / (Record no. 37980)
[ view plain ]
| 000 -LEADER | |
|---|---|
| fixed length control field | 01000 am a2200301 4500 |
| 001 - CONTROL NUMBER | |
| control field | ocm680742218 |
| 003 - CONTROL NUMBER IDENTIFIER | |
| control field | OSt |
| 005 - DATE AND TIME OF LATEST TRANSACTION | |
| control field | 20170427210357.0 |
| 008 - FIXED-LENGTH DATA ELEMENTS--GENERAL INFORMATION | |
| fixed length control field | 101112s1985 ch a b 000 0 chi d |
| 041 1# - LANGUAGE CODE | |
| Language code of text/sound track or separate title | chi |
| Language code of original and/or intermediate translations of text | eng |
| 100 1# - MAIN ENTRY--PERSONAL NAME | |
| Personal name | Worthington, Everett L., |
| Dates associated with a name | 1946- |
| 9 (RLIN) | 1313 |
| 240 10 - UNIFORM TITLE | |
| Uniform title | <a href="When someone asks for help.">When someone asks for help.</a> |
| Language of a work | Chinese |
| 245 10 - TITLE STATEMENT | |
| Title | 請聽我說 : 談心理輔導 = When someone asks for help {ch} / |
| Statement of responsibility, etc | [愛維萊特著 ; 王海音, 成蒂譯] Everett L. Worthington.. |
| 246 1# - VARYING FORM OF TITLE | |
| Title proper/short title | 談心理輔導 |
| 250 ## - EDITION STATEMENT | |
| Edition statement | 初版. |
| 260 ## - PUBLICATION, DISTRIBUTION, ETC. (IMPRINT) | |
| Place of publication, distribution, etc | 台北市 : |
| Name of publisher, distributor, etc | 校園書房出版社, |
| Date of publication, distribution, etc | 1985. |
| 300 ## - PHYSICAL DESCRIPTION | |
| Extent | 173 p.; |
| Dimensions | 21 cm. |
| Other physical details | ill. |
| 336 ## - CONTENT TYPE | |
| Source | rdacontent |
| 337 ## - MEDIA TYPE | |
| Source | rdamedia |
| 338 ## - CARRIER TYPE | |
| Source | rdacarrier |
| 490 1# - SERIES STATEMENT | |
| Series statement | 校園叢書 |
| 500 ## - GENERAL NOTE | |
| General note | Translation of: When someone asks for help : a practical guide for counseling. |
| 504 ## - BIBLIOGRAPHY, ETC. NOTE | |
| Bibliography, etc | Includes bibliographical references. |
| 650 #0 - SUBJECT ADDED ENTRY--TOPICAL TERM | |
| Topical term or geographic name as entry element | Counseling {ch}. |
| 9 (RLIN) | 1314 |
| 700 1# - ADDED ENTRY--PERSONAL NAME | |
| Personal name | 王海音. |
| 9 (RLIN) | 1315 |
| 700 1# - ADDED ENTRY--PERSONAL NAME | |
| Personal name | 成蒂. |
| 9 (RLIN) | 1316 |
| 942 ## - ADDED ENTRY ELEMENTS (KOHA) | |
| Source of classification or shelving scheme | Library of Congress Classification |
| Item type | Books |
| Koha issues (borrowed), all copies | 1 |
| Withdrawn status | Lost status | Source of classification or shelving scheme | Damaged status | Not for loan | Home library | Current library | Shelving location | Date acquired | Inventory number | Total Checkouts | Full call number | Barcode | Date last seen | Date last borrowed | Price effective from | Koha item type | Copy number |
|---|---|---|---|---|---|---|---|---|---|---|---|---|---|---|---|---|---|
| Library of Congress Classification | BSOP Library | BSOP Library | Chinese Books (General Circulation) | 01/22/2015 | C-12936 | 1 | BF637.C6 W89w | 00044836 | 05/11/2017 | 04/27/2017 | 01/22/2015 | Books | |||||
| Library of Congress Classification | BSOP Library | BSOP Library | Chinese Books (General Circulation) | 01/22/2015 | C-12937 | BF637.C6 W89w | 00044837 | 01/22/2015 | 01/22/2015 | Books | c.2 |
